| 000 | 00786nam a22002775i 4500 | ||
|---|---|---|---|
| 001 | 20251176 | ||
| 003 | OSt | ||
| 005 | 20250512201623.0 | ||
| 008 | 180105s2018 nyu 000 0 eng | ||
| 010 | _a 2018930387 | ||
| 020 | _a9780198808169 (pbk.) | ||
| 040 |
_aDLC _beng _erda _cDLC |
||
| 042 | _apcc | ||
| 050 |
_aKD1554 _b.M39 2016 |
||
| 100 | 1 | _aEwan, McKendrick. | |
| 245 | 1 | 0 |
_aContract law : _btext, cases, and materials / _cEwan McKendrick. |
| 263 | _a1804 | ||
| 264 | 1 |
_aNew York, NY : _bOxfore University Press, _c2016. |
|
| 300 | _axi, 1056 p. | ||
| 336 |
_atext _btxt _2rdacontent |
||
| 337 |
_aunmediated _bn _2rdamedia |
||
| 338 |
_avolume _bnc _2rdacarrier |
||
| 906 |
_a0 _bibc _corignew _d2 _eepcn _f20 _gy-gencatlg |
||
| 942 |
_2lcc _cBK _n0 |
||
| 999 |
_c5741 _d5741 |
||